Vzťahy medzi ČĽR a Čínskou republikou na Taiwane bakalárska práca

Saved in:
Bibliographic Details
Main Author: Kordovaníková, Dana
Corporate Author: Fakulta medzinárodných vzťahov EU. Katedra medzinárodných politických vzťahov
Other Authors: Škvrnda, František
Format: Book
Language:Slovak
Published: Bratislava 2017
Tags: Add Tag
No Tags, Be the first to tag this record!

MARC

LEADER 00000nbm a2200000 4500
001 0232102
005 20180223122343.6
041 0 |a slo 
044 |a SK 
245 1 0 |a Vzťahy medzi ČĽR a Čínskou republikou na Taiwane  |b bakalárska práca  |c Dana Kordovaníková ; školiteľ: František Škvrnda 
264 1 |a Bratislava  |c 2017 
300 |a 55 s. 
100 1 |a Kordovaníková, Dana 
700 1 |a Škvrnda, František 
710 2 |a Fakulta medzinárodných vzťahov EU. Katedra medzinárodných politických vzťahov